United Arab Republic statistical atlas, 1952-1966. (Record no. 51073)
[ view plain ]
| 000 -LEADER | |
|---|---|
| fixed length control field | 00942cam a22002651 4500 |
| 001 - CONTROL NUMBER | |
| control field | ne 68004592 |
| 003 - CONTROL NUMBER IDENTIFIER | |
| control field | DLC |
| 005 - DATE AND TIME OF LATEST TRANSACTION | |
| control field | 20260227111850.0 |
| 008 - FIXED-LENGTH DATA ELEMENTS--GENERAL INFORMATION | |
| fixed length control field | 950303s1968 ua ab s 000 0 eng |
| 010 ## - LIBRARY OF CONGRESS CONTROL NUMBER | |
| LC control number | ne 68004592 |
| 020 ## - INTERNATIONAL STANDARD BOOK NUMBER | |
| Terms of availability | 2.50 |
| 035 ## - SYSTEM CONTROL NUMBER | |
| System control number | (OCoLC)32084245 |
| 040 ## - CATALOGING SOURCE | |
| Original cataloging agency | DLC |
| Transcribing agency | OrPS |
| Modifying agency | DLC |
| 042 ## - AUTHENTICATION CODE | |
| Authentication code | premarc |
| 043 ## - GEOGRAPHIC AREA CODE | |
| Geographic area code | f-ua--- |
| 050 00 - LIBRARY OF CONGRESS CALL NUMBER | |
| Classification number | HA2042 |
| Item number | .A58 |
| 110 1# - MAIN ENTRY--CORPORATE NAME | |
| Corporate name or jurisdiction name as entry element | United Arab Republic. |
| Subordinate unit | Jihāz al-Markazī lil-Taʻbiʼah al-ʻĀmmah wa-al-Iḥṣāʼ. |
| 245 10 - TITLE STATEMENT | |
| Title | United Arab Republic statistical atlas, 1952-1966. |
| 260 ## - PUBLICATION, DISTRIBUTION, ETC. | |
| Place of publication, distribution, etc. | [Dokki, Cairo, |
| Name of publisher, distributor, etc. | Central Agency for Public Mobilisation and Statistics] |
| Date of publication, distribution, etc. | 1968. |
| 300 ## - PHYSICAL DESCRIPTION | |
| Extent | 123 p. |
| Other physical details | col. illus., col. maps. |
| Dimensions | 25 x 35 cm. |
| 500 ## - GENERAL NOTE | |
| General note | At head of title: United Arab Republic. Central Agency for Public Mobilisation and Statistics. |
| 651 #0 - SUBJECT ADDED ENTRY--GEOGRAPHIC NAME | |
| Geographic name | Egypt |
| Form subdivision | Statistics. |
| 651 #0 - SUBJECT ADDED ENTRY--GEOGRAPHIC NAME | |
| Geographic name | United Arab Republic |
| General subdivision | Statistics |
| Form subdivision | Maps. |
| 740 0# - ADDED ENTRY--UNCONTROLLED RELATED/ANALYTICAL TITLE | |
| Uncontrolled related/analytical title | Statistical Atlas, 1952-1966. |
No items available.